Didaktik in der Unterrichtspraxis Grundlegung und Auswirkungen der Theorie der Formalstufen in Erziehung und Unterricht

Gespeichert in:
Bibliographische Detailangaben
Format: Buch
Sprache:Deutsch
Veröffentlicht: Bern Haupt 1979
Ausgabe:1. Aufl.
Schriftenreihe:Uni Taschenbücher 811
Tags: Tag hinzufügen
Keine Tags, Fügen Sie das erste Tag hinzu!

MARC

LEADER 00000nam a2200000 4500
001 c018797
005 20250707103218.7
020 |a 3-258-02763-3 
041 0 |a ger 
044 |a CH 
245 1 0 |a Didaktik in der Unterrichtspraxis  |b Grundlegung und Auswirkungen der Theorie der Formalstufen in Erziehung und Unterricht  |c Edit. Bijan Adl-Amini, Jürgen Oelkers, Dieter Neumann 
250 |a 1. Aufl. 
264 1 |a Bern  |b Haupt  |c 1979 
300 |a 254 s. 
490 1 |a Uni Taschenbücher  |v 811 
830 0 |a Uni Taschenbücher  |v 811